Kapitalistické monopoly a jejich boj

Saved in:
Bibliographic Details
Format: Book
Language:Czech
Published: Praha Orbis 1951
Tags: Add Tag
No Tags, Be the first to tag this record!

MARC

LEADER 00000nam a2200000 4500
001 0311921
005 20250821100131.7
041 0 |a cze 
044 |a CZ 
245 1 0 |a Kapitalistické monopoly a jejich boj 
264 1 |a Praha  |b Orbis  |c 1951